01597nam a2200421 a 450000100060000000300080000600500170001400600190003100700150005000800410006502000180010603500230012403500240014703500250017103500220019604000260021805000230024408000110026708000150027808200190029324501670031226000440047930000350052349000180055853301640057665000330074065000370077365000220081065000490083265000530088165500270093470000310096170000420099271000190103483000430105385600620109699900170115824037FlNmELB20241216214133.0m o d | cr cn|||||||||130716s2011 sp s 000 0 spa d z9788498303179 a(MiAaPQ)EBC3213452 a(Au-PeEL)EBL3213452 a(CaPaEBR)ebr10732824 a(OCoLC)1105410930 aFlNmELBbspacFlNmELB 4aKKT1160bC785 2011 a347.78 a347.78:00404a346.46048222303aEl copyright en cuestióónh[recurso electronico]bDiálogos sobre propiedad intelectual /cJavier Torres Ripa y José Antonio Gómez Hernández (coords.). aBilbao :bUniversidad de Deusto,c2011. a1 recurso en línea (201 p.).1 aDerecho ;v93 aRecurso electrónico. Santa Fe, Arg.: e-libro, 2015. Disponible vía World Wide Web. El acceso puede estar limitado para las bibliotecas afiliadas a e-libro. 4aDerechos de autorzEspaña. 4aPropiedad intelectualzEspaña. 0aCopyrightzSpain. 4aDerechos de autor e informáticazEspaña. 0aCopyright And Electronic Data ProcessingzSpain. 4aLibros electrónicos.1 aTorres Ripa, Javier,edir.1 aGómez Hernández, José A.,edir.2 ae-libro, Corp. 0aDerecho (Universidad de Deusto) ;v93.40uhttps://elibro.net/ereader/politecnicointernacional/33943 c24037d24037